[Event "d18"]
[Site "?"]
[Date "2014.03.30"]
[Round "9.10"]
[White "Lapa, Aleksandra"]
[Black "Rogacka, Natalia"]
[Result "0-1"]
[LiveChessVersion "1.4.2"]
[BlackElo "1499"]
[WhiteElo "1593"]

1. e4 {[%clk 1:30:57]} e5 {[%clk 1:30:42]} 2. d4 {[%clk 1:31:21]} exd4
{[%clk 1:31:06]} 3. Qxd4 {[%clk 1:31:47]} Nc6 {[%clk 1:31:18]} 4. Qe3
{[%clk 1:32:10]} Nf6 {[%clk 1:31:13]} 5. Nc3 {[%clk 1:31:45]} Bb4
{[%clk 1:30:07]} 6. Bd2 {[%clk 1:31:59]} O-O {[%clk 1:29:49]} 7. O-O-O
{[%clk 1:31:49]} Re8 {[%clk 1:25:11]} 8. f3 {[%clk 1:28:41]} d6 {[%clk 1:18:16]}
9. g4 {[%clk 1:28:16]} a6 {[%clk 1:09:27]} 10. g5 {[%clk 1:25:24]} Nd7
{[%clk 1:07:11]} 11. Bc4 {[%clk 1:24:39]} Nde5 {[%clk 1:05:03]} 12. Bd5
{[%clk 1:22:58]} Be6 {[%clk 1:01:58]} 13. Bxe6 {[%clk 1:12:49]} fxe6
{[%clk 1:00:40]} 14. Nge2 {[%clk 1:11:18]} Nc4 {[%clk 0:59:46]} 15. Qf4
{[%clk 1:11:07]} Nxd2 {[%clk 0:59:55]} 16. Rxd2 {[%clk 1:11:06]} b5
{[%clk 0:48:32]} 17. h4 {[%clk 1:09:43]} Bc5 {[%clk 0:47:21]} 18. Kb1
{[%clk 1:09:20]} Ne5 {[%clk 0:46:09]} 19. Qg3 {[%clk 1:07:11]} b4
{[%clk 0:40:23]} 20. Na4 {[%clk 1:06:28]} Be3 {[%clk 0:39:28]} 21. Rdd1
{[%clk 1:03:49]} Nc4 {[%clk 0:34:31]} 22. Rd3 {[%clk 0:59:49]} Qd7
{[%clk 0:32:22]} 23. b3 {[%clk 0:59:36]} Na3+ {[%clk 0:30:21]} 24. Kb2
{[%clk 0:59:10]} Ba7 {[%clk 0:25:57]} 25. g6 {[%clk 0:54:07]} h6 {[%clk 0:25:16]}
26. c3 {[%clk 0:48:43]} a5 {[%clk 0:22:35]} 27. Rc1 {[%clk 0:47:59]} Nc4+
{[%clk 0:20:51]} 28. Ka1 {[%clk 0:46:25]} Nb6 {[%clk 0:17:01]} 29. Nxb6
{[%clk 0:43:52]} Bxb6 {[%clk 0:17:18]} 30. Kb1 {[%clk 0:41:29]} Qb5
{[%clk 0:16:11]} 31. f4 {[%clk 0:38:46]} a4 {[%clk 0:13:14]} 32. Nd4
{[%clk 0:36:09]} Bxd4 {[%clk 0:12:56]} 33. cxd4 {[%clk 0:34:24]} axb3
{[%clk 0:12:07]} 34. axb3 {[%clk 0:34:11]} Qa5 {[%clk 0:11:32]} 35. Kc2
{[%clk 0:34:24]} Qh5 {[%clk 0:09:20]} 36. Re1 {[%clk 0:29:07]} Ra2+
{[%clk 0:08:18]} 37. Kc1 {[%clk 0:28:10]} Rea8 {[%clk 0:08:08]} 38. Rde3
{[%clk 0:24:00]} Ra1+ {[%clk 0:07:47]} 39. Kd2 {[%clk 0:24:07]} R8a2+
{[%clk 0:07:59]} 40. Kd3 {[%clk 0:54:16]} Qb5# {[%clk 0:38:08]} 0-1

[Event "d18"]
[Site "?"]
[Date "2014.03.30"]
[Round "9.11"]
[White "Gaudyn, Renata"]
[Black "Czorniej, Antonina"]
[Result "1-0"]
[LiveChessVersion "1.4.2"]
[BlackElo "1523"]
[WhiteElo "1551"]

1. e4 {[%clk 1:30:57]} c6 {[%clk 1:30:57]} 2. Nc3 {[%clk 1:31:21]} d5
{[%clk 1:31:23]} 3. Nf3 {[%clk 1:31:45]} Bg4 {[%clk 1:31:50]} 4. h3
{[%clk 1:32:05]} Bxf3 {[%clk 1:32:16]} 5. Qxf3 {[%clk 1:32:15]} e6
{[%clk 1:32:43]} 6. d4 {[%clk 1:32:15]} Nf6 {[%clk 1:32:52]} 7. e5
{[%clk 1:25:31]} Nfd7 {[%clk 1:31:22]} 8. Qd3 {[%clk 1:09:36]} c5
{[%clk 1:31:37]} 9. Be3 {[%clk 1:08:34]} Nc6 {[%clk 1:31:45]} 10. O-O-O
{[%clk 1:06:01]} cxd4 {[%clk 1:31:45]} 11. Bxd4 {[%clk 1:06:11]} Ndxe5
{[%clk 1:31:49]} 12. Bxe5 {[%clk 1:05:03]} Nxe5 {[%clk 1:32:14]} 13. Qg3
{[%clk 1:05:21]} Ng6 {[%clk 1:32:08]} 14. Nb5 {[%clk 1:01:51]} Rc8
{[%clk 1:31:28]} 15. Nxa7 {[%clk 0:36:58]} Bd6 {[%clk 1:31:51]} 16. Qb3
{[%clk 0:36:22]} Rc7 {[%clk 1:31:59]} 17. Nb5 {[%clk 0:34:34]} Bf4+
{[%clk 1:31:34]} 18. Kb1 {[%clk 0:34:54]} Rd7 {[%clk 1:31:37]} 19. g3
{[%clk 0:33:00]} Be5 {[%clk 1:31:05]} 20. f4 {[%clk 0:32:55]} Bb8
{[%clk 1:30:47]} 21. f5 {[%clk 0:31:31]} exf5 {[%clk 1:30:32]} 22. Nd4
{[%clk 0:31:53]} O-O {[%clk 1:29:50]} 23. Nxf5 {[%clk 0:31:55]} Ne7
{[%clk 1:27:44]} 24. Bd3 {[%clk 0:30:58]} g6 {[%clk 1:26:27]} 25. Nh6+
{[%clk 0:29:30]} Kg7 {[%clk 1:26:49]} 26. Ng4 {[%clk 0:29:47]} Nc6
{[%clk 1:26:14]} 27. Bb5 {[%clk 0:28:32]} h5 {[%clk 1:23:02]} 28. Ne3
{[%clk 0:25:21]} d4 {[%clk 1:23:10]} 29. Nc4 {[%clk 0:25:12]} Rd5
{[%clk 1:23:19]} 30. a4 {[%clk 0:24:07]} Bc7 {[%clk 1:19:56]} 31. g4
{[%clk 0:21:20]} h4 {[%clk 1:19:56]} 32. Rhf1 {[%clk 0:19:44]} Re8
{[%clk 1:19:46]} 33. Qf3 {[%clk 0:19:44]} Re7 {[%clk 1:19:18]} 34. Qf6+
{[%clk 0:19:47]} Kg8 {[%clk 1:19:22]} 35. Qxh4 {[%clk 0:18:39]} d3
{[%clk 1:18:46]} 36. c3 {[%clk 0:17:35]} Red7 {[%clk 1:16:12]} 37. Qxd8+
{[%clk 0:17:39]} Rxd8 {[%clk 1:16:35]} 38. Ne3 {[%clk 0:17:36]} Re5
{[%clk 1:16:23]} 39. Rf3 {[%clk 0:17:12]} Re4 {[%clk 1:16:28]} 40. Nc4
{[%clk 0:43:03]} Na7 {[%clk 1:41:56]} 41. Nd2 {[%clk 0:42:59]} Rf4
{[%clk 1:40:51]} 42. Rxf4 {[%clk 0:41:51]} Bxf4 {[%clk 1:41:13]} 43. Bc4
{[%clk 0:41:13]} 1-0

[Event "d18"]
[Site "?"]
[Date "2014.03.30"]
[Round "9.12"]
[White "Binkowska, Agata"]
[Black "Wicikowska, Agata"]
[Result "1-0"]
[LiveChessVersion "1.4.2"]
[BlackElo "1506"]
[WhiteElo "1615"]

1. e4 e5 2. Nf3 Nc6 3. d4 exd4 4. Bc4 Bc5 5. O-O Nf6 6. e5 d5 7. exf6 dxc4 8.
Re1+ Be6 9. fxg7 Rg8 10. Ng5 Qf6 11. Nxe6 fxe6 12. Qh5+ Kd7 13. Qxc5 Rxg7 14. g3
Qf3 15. Qxc4 Rag8 16. Qxe6+ Kd8 17. Qe2 Qf5 18. Qe4 Qh5 19. Bd2 Re7 20. Qd3 Ne5
21. Qxd4+ Kc8 22. Rxe5 Rxe5 23. Qxa7 Qd1+ 24. Kg2 Rge8 25. Qa8+ Kd7 26. Qxb7 Re2
27. Qd5+ Kc8 28. Nc3 Qxd2 29. Qa8+ Kd7 30. Qa4+ Kc8 31. Nxe2 Rxe2 32. Rf1 Qd5+
33. Kg1 Rd2 34. Qb3 Qe4 35. c3 h5 36. h4 Qe2 37. Qg8+ Kb7 38. a4 Rxb2 39. Qd5+ c6
40. Qd7+ Kb6 41. a5+ Kc5 42. a6 Ra2 43. a7 Qg4 44. Qe7+ 1-0

[Event "d18"]
[Site "?"]
[Date "2014.03.30"]
[Round "9.13"]
[White "Leczycka, Agnieszka"]
[Black "Skoczek, Karolina"]
[Result "0-1"]
[LiveChessVersion "1.4.2"]
[BlackElo "1510"]
[WhiteElo "1282"]

1. e4 d5 2. exd5 Qxd5 3. Nc3 Qa5 4. Nf3 Nf6 5. Be2 Bf5 6. O-O e6 7. b3 Be7 8. Bb2
c6 9. d4 O-O 10. h3 Nbd7 11. Bd3 Bxd3 12. Qxd3 Nd5 13. a3 N7f6 14. Ne5 Nh5 15.
Ne4 Ndf6 16. Ng5 Nf4 17. Qf3 Qd2 18. Bc1 Ne2+ 19. Kh1 Nxc1 20. Ne4 Qxd4 21. Rfxc1
Qxe5 22. Ng3 Rfd8 23. Re1 Qc5 0-1